00289nam a2200097Ia 4500008004100000082001200041100003500053245008500088260000900173300000900182190415s9999 xx 000 0 und d aRI.0020 aIndian Council of Medical Rese 0aIndian Council of Medical Research : Report of the Working Group on Medical Educ c1978 av.p.